KOHA-Header-6

Readings in Microeconomic Theory (Record no. 8230)

000 -LEADER
fixed length control field 00269nam a2200109Ia 4500
100 ## - MAIN ENTRY--AUTHOR NAME
Personal name A. La Manna
245 #0 - TITLE STATEMENT
Title Readings in Microeconomic Theory
260 ## - PUBLICATION, DISTRIBUTION, ETC. (IMPRINT)
Place of publication England
Name of publisher Prentice Hall
Year of publication 2003
300 ## - PHYSICAL DESCRIPTION
Number of Pages 324
942 ## - ADDED ENTRY ELEMENTS (KOHA)
Koha item type Books
Holdings
Withdrawn status Lost status Collection code Permanent Location Current Location Shelving location Date acquired Full call number Accession Number Koha item type
    Economics MAJU MAJU Shelf No.A47 2019-09-13 338.8 2801 Economics

Powered by Koha